MEDICINAL CHEMISTRY (Record no. 12397)

MARC details
000 -LEADER
fixed length control field 00394nam a22001697a 4500
003 - CONTROL NUMBER IDENTIFIER
control field OSt
008 - FIXED-LENGTH DATA ELEMENTS--GENERAL INFORMATION
fixed length control field 240404b |||||||| |||| 00| 0 eng d
020 ## - INTERNATIONAL STANDARD BOOK NUMBER
International Standard Book Number 9788122479317
082 ## - DEWEY DECIMAL CLASSIFICATION NUMBER
Classification number 615.19 KAM
100 ## - MAIN ENTRY--PERSONAL NAME
Personal name KAR, ASHUTOSH
245 ## - TITLE STATEMENT
Title MEDICINAL CHEMISTRY
250 ## - EDITION STATEMENT
Edition statement 8th
260 ## - PUBLICATION, DISTRIBUTION, ETC. (IMPRINT)
Place of publication, distribution, etc New Delhi
Name of publisher, distributor, etc New Age
Date of publication, distribution, etc 2023
300 ## - PHYSICAL DESCRIPTION
Extent xl,966
650 ## - SUBJECT ADDED ENTRY--TOPICAL TERM
Topical term or geographic name as entry element MEDICINAL CHEMISTRY-I
942 ## - ADDED ENTRY ELEMENTS (KOHA)
Source of classification or shelving scheme Dewey Decimal Classification
Koha item type Text Books
Holdings
Withdrawn status Lost status Source of classification or shelving scheme Damaged status Not for loan Collection code Home library Current library Date acquired Source of acquisition Currency Cost, normal purchase price Bill Number Total Checkouts Full call number Acc. no. / Barcode Date last seen Actual Cost, discounted price Bill Date Koha item type Checked out Date last borrowed
    Dewey Decimal Classification     B.Pharma PIET C-LIBRARY PIET C-LIBRARY 04/04/2024 ZAFAA BOOKS RUPEES 799.00 ZBDO493   615.19 KAM BP2491 04/04/2024 543.32 31/03/2024 Reference Books    
    Dewey Decimal Classification     B.Pharma PIET C-LIBRARY PIET C-LIBRARY 04/04/2024 ZAFAA BOOKS RUPEES 799.00 ZBDO493   615.19 KAM BP2492 04/04/2024 543.32 31/03/2024 Text Books    
    Dewey Decimal Classification     B.Pharma PIET C-LIBRARY PIET C-LIBRARY 04/04/2024 ZAFAA BOOKS RUPEES 799.00 ZBDO493 1 615.19 KAM BP2493 09/03/2026 543.32 31/03/2024 Text Books 25/09/2026 09/03/2026

Design & Developed by: PIET Central Library
R70 Miles Stone Pattikalyana Samalkha Panipat 132102
mail ID :- [email protected], Phone No:- 0180-2569700 Ex.216